Egy társadalombiztosítási és családtámogatási kifizetőhely működése a gyakorlatban Árpád-Agrár Zrt. Szentes /

Elmentve itt :
Bibliográfiai részletek
Szerző: Baranyi Krisztina
További közreműködők: Hajdú József (Témavezető)
Dokumentumtípus: Szakdolgozat
Megjelent: 2007-09-24
Tárgyszavak:
Online Access:http://diploma.bibl.u-szeged.hu/30860
LEADER 00784nta a2200169 i 4500
001 dipl30860
005 20200303092650.0
008 110815s2007 hu om 0|| zxx d
040 |a SZTE Diploma Repozitórium  |b hun 
041 |a zxx 
100 1 |a Baranyi Krisztina 
245 1 0 |a Egy társadalombiztosítási és családtámogatási kifizetőhely működése a gyakorlatban  |h [elektronikus dokumentum] :  |b Árpád-Agrár Zrt. Szentes /  |c Krisztina Baranyi 
246 1 0 |a Operation of a social security and family support pay-office in Árpád Agrár Inc. Szentes  |h [elektronikus dokumentum] 
260 |c 2007-09-24 
650 4 |a Jogi és igazgatási tanulmányok 
700 1 |a Hajdú József  |e ths 
856 4 0 |u http://diploma.bibl.u-szeged.hu/id/eprint/30860/1/2007_baranyi_krisztina.pdf  |z Dokumentum-elérés